Lycées et collèges de jeunes filles : (Record no. 19007)

MARC details
000 -LEADER
fixed length control field 00862cam a22002294a 4500
001 - CONTROL NUMBER
control field e 10001176
003 - CONTROL NUMBER IDENTIFIER
control field DLC
005 - DATE AND TIME OF LATEST TRANSACTION
control field 20260227111153.0
008 - FIXED-LENGTH DATA ELEMENTS--GENERAL INFORMATION
fixed length control field 990524s1896 fr b 000 0 fre
010 ## - LIBRARY OF CONGRESS CONTROL NUMBER
LC control number e 10001176
040 ## - CATALOGING SOURCE
Original cataloging agency DLC
Transcribing agency DLC
042 ## - AUTHENTICATION CODE
Authentication code pcc
043 ## - GEOGRAPHIC AREA CODE
Geographic area code e-fr---
050 00 - LIBRARY OF CONGRESS CALL NUMBER
Classification number LC2095
Item number . S44 1896
100 1# - MAIN ENTRY--PERSONAL NAME
Personal name Sée, Camille,
Dates associated with a name 1847-1919.
245 10 - TITLE STATEMENT
Title Lycées et collèges de jeunes filles :
Remainder of title documents, rapports et discours à la Chambre des députés et au Sénat : décrets, arrêtés, circulaires, etc., tableau du personnel des lycées et collèges par ordre d'ancienneté, avec carte figurative, préface et avant-propos /
Statement of responsibility, etc. par Camille Sée.
246 30 - VARYING FORM OF TITLE
Title proper/short title Lycées et collèges
250 ## - EDITION STATEMENT
Edition statement 6. éd.
260 ## - PUBLICATION, DISTRIBUTION, ETC.
Place of publication, distribution, etc. Paris :
Name of publisher, distributor, etc. L. Cerf,
Date of publication, distribution, etc. 1896.
300 ## - PHYSICAL DESCRIPTION
Extent xxxv, 788 p. :
Other physical details col. map ;
Dimensions 23 cm.
650 #0 - SUBJECT ADDED ENTRY--TOPICAL TERM
Topical term or geographic name entry element Women
General subdivision Education
Geographic subdivision France.

No items available.

Powered by Koha